LEADER 02540nam 2200565Ia 450 001 9910780169803321 005 20230422042649.0 010 $a1-58729-304-8 035 $a(CKB)111056486862684 035 $a(EBL)837057 035 $a(OCoLC)50175127 035 $a(SSID)ssj0000201034 035 $a(PQKBManifestationID)11196319 035 $a(PQKBTitleCode)TC0000201034 035 $a(PQKBWorkID)10231967 035 $a(PQKB)10599204 035 $a(MiAaPQ)EBC837057 035 $a(MdBmJHUP)muse18361 035 $a(Au-PeEL)EBL837057 035 $a(CaPaEBR)ebr10354635 035 $a(EXLCZ)99111056486862684 100 $a19991105d2000 ub 0 101 0 $aeng 135 $aur|n|---||||| 181 $ctxt 182 $cc 183 $acr 200 10$aMemoirs of a Cold War son$b[electronic resource] /$fGaines Post, Jr.; foreword by Albert E. Stone 210 $aIowa City $cUniversity of Iowa Press$dc2000 215 $a1 online resource (249 p.) 225 1 $aSingular lives : the Iowa series in North American biography 300 $aDescription based upon print version of record. 311 $a0-87745-701-8 327 $aForeword albert e. stone; Acknowledgments; Introduction; Chapter 1 Rue St-Julien-le-Pauvre; Chapter 2 Americans Abroad; Chapter 3 The Home Front; Chapter 4 From Cornell to Fort Sill; Chapter 5 Honest Johns and Germans; Chapter 6 Maneuvers; Chapter 7 War over Berlin?; Epilogue 330 $aIn 1951 Gaines Post was a gangly, bespectacled, introspective teenager preparing to spend a year in Paris with his professorial father and older brother; his mother, who suffered from extreme depression, had been absent from the family for some time. Ten years later, now less gangly but no less introspective, he was finishing a two-year stint in the army in West Germany and heading toward Oxford on a Rhodes scholarship, having narrowly escaped combat in the Berlin crisis of 1961. His quietly intense coming-of-age story is both self-revealing and reflective of an entire generation of young men 410 0$aSingular lives. 606 $aCold War 607 $aUnited States$xPolitics and government$y1945-1989 607 $aEurope$xPolitics and government$y1945- 615 0$aCold War. 676 $a973.92 676 $a973.92092 700 $aPost$b Gaines$f1937-$01578819 801 0$bMiAaPQ 801 1$bMiAaPQ 801 2$bMiAaPQ 906 $aBOOK 912 $a9910780169803321 996 $aMemoirs of a Cold War son$93858477 997 $aUNINA LEADER 02836oam 2200481I 450 001 9910155006703321 005 20240505155642.0 010 $a0-429-89710-3 010 $a0-429-47233-1 010 $a1-78241-558-0 024 7 $a10.4324/9780429472336 035 $a(CKB)4340000000019228 035 $a(MiAaPQ)EBC4756013 035 $a(OCoLC)1029229580 035 $a(BIP)63135285 035 $a(BIP)69454567 035 $a(EXLCZ)994340000000019228 100 $a20180706d2017 uy 0 101 0 $aeng 135 $aurcnu|||||||| 181 $2rdacontent 182 $2rdamedia 183 $2rdacarrier 200 00$aBereavement $epersonal experiences and clinical reflections /$fedited by Salman Akhtar and Gurmeet S. Kanwal 205 $a1st ed. 210 1$aLondon :$cKarnac Books Ltd,$d2017. 215 $a1 online resource (233 pages) 311 08$a0-367-32343-5 311 08$a1-78220-491-1 320 $aIncludes bibliographical references and index. 327 $tpart, Prologue -- $tchapter One Bereavement: the spectrum of emotional reactions /$r Salman Akhtar -- $tpart, Specific Situations -- $tchapter Two Death of mother /$r Kerry L. Malawista -- $tchapter Three Death of father /$r Thomas Wolman -- $tchapter Four Death of sibling /$r Frederick H. Lowy -- $tchapter Five Death of spouse* /$r Ruth H. Livingston -- $tchapter Six Death of child /$r Ann G. Smolen -- $tchapter Seven Death of pet /$r Christie Platt -- $tpart, Epilogue -- $tchapter Eight Death: the last chapter /$r Gurmeet S. Kanwal. 330 $aThis is a book about death, loss, grief and mourning, but with an unusual twist. It is different in that it explores specific kinds of deaths encountered within families and households, rather than general concepts of mourning. It is even more unusual because here six psychoanalysts reveal how they have suffered, processed, and survived losses in their own lives; at the same time bringing clinical and theoretical perspectives of various psychoanalytic schools to bear on their own, as well as others', experiences. The narratives in this book use the power of subjective experience, as described by psychoanalysts themselves, to understand, contextualize, and extend existing clinical approaches. Each chapter addresses the death of a different loved one. The losses discussed include death of a mother, death of a father, death of a sibling, death of a spouse, death of a child, and death of a pet (recognizing the deep significance of pets in human households). 606 $aBereavement 615 0$aBereavement. 676 $a155.937 702 $aAkhtar$b Salman$f1946 July 31- 702 $aKanwal$b Gurmeet S. 801 0$bFlBoTFG 801 1$bFlBoTFG 906 $aBOOK 912 $a9910155006703321 996 $aBereavement$92879180 997 $aUNINA